[Event "Santa Rosa Villarreal Memorial 29th"]
[Site "Santa Rosa"]
[Date "2023.12.10"]
[Round "6"]
[White "Saez, Diego"]
[Black "Conde, Adrian"]
[Result "0-1"]
[WhiteElo "1741"]
[BlackElo "1972"]
[PlyCount "48"]
[EventDate "2023.12.08"]
[EventType "swiss"]
[EventRounds "7"]
[EventCountry "ARG"]
[SourceTitle "CB51_2023"]
[SourceDate "2023.12.20"]
[SourceVersion "1"]
[SourceVersionDate "2023.12.20"]
[SourceQuality "1"]

1. c4 Nf6 2. d4 e6 3. Nc3 Bb4 4. Bd2 d5 5. e3 0-0 6. Nf3 Nbd7 7. Be2 b6 8. a3 Be7 9. 0-0 Bb7 10. Rc1 dxc4 11. Bxc4 c5 12. dxc5 Nxc5 13. Nd4 a6 14. Qe2 b5 15. Ba2 Bd6 16. b4 Nce4 17. Rfd1 Qb8 18. f4 Qa7 19. Nxe4 Nxe4 20. Kh1 Rfd8 21. Be1 Rac8 22. Rxc8 Rxc8 23. Qd3 Rc3 24. Bxc3 Nf2+ 0-1

[Event "Moron Luis Bronstein Memorial 7th"]
[Site "Moron"]
[Date "2020.01.28"]
[Round "5.3"]
[White "Saez, Diego"]
[Black "Herrera, Pablo"]
[Result "0-1"]
[WhiteElo "1928"]
[BlackElo "2089"]
[PlyCount "108"]
[EventDate "2020.01.14"]
[EventType "swiss"]
[EventRounds "6"]
[EventCountry "ARG"]
[SourceTitle "EXT 2024"]
[Source "ChessBase"]
[SourceDate "2023.10.10"]
[SourceVersion "1"]
[SourceVersionDate "2023.10.10"]
[SourceQuality "1"]

1. f4 f5 2. Nf3 Nf6 3. b3 e6 4. Bb2 Be7 5. e3 c5 6. Be2 0-0 7. 0-0 Nc6 8. c4 d6 9. Nc3 a6 10. a3 Bd7 11. d4 Qc7 12. d5 exd5 13. Nxd5 Nxd5 14. Qxd5+ Kh8 15. Rad1 Nd8 16. Qd2 Bc6 17. Ng5 h6 18. Nh3 Bf6 19. Bf3 Qe7 20. Bc3 Nf7 21. Bh5 g6 22. Bf3 Kg7 23. Bd5 Bxd5 24. Bxf6+ Qxf6 25. Qxd5 Rab8 26. Rd3 Rfe8 27. Re1 Qb2 28. a4 b5 29. axb5 axb5 30. Nf2 bxc4 31. bxc4 Qb7 32. g4 Qxd5 33. cxd5 g5 34. Kf1 gxf4 35. exf4 Rxe1+ 36. Kxe1 Rb4 37. gxf5 Rxf4 38. Rg3+ Kf8 39. Ng4 Rxf5 40. Ne3 Rg5 41. Rf3 Ke8 42. Ke2 Rg1 43. Rf6 Rh1 44. Rf2 Ra1 45. Kd2 Ra2+ 46. Nc2 Ke7 47. Kc3 Ne5 48. Rg2 Kf6 49. Rg3 Ra4 50. h3 Rf4 51. Ne1 Rc4+ 52. Kb3 Rd4 53. Nf3 Nxf3 54. Rxf3+ Ke5 0-1

[Event "Buenos Aires Philidor CC Christmas"]
[Site "Buenos Aires"]
[Date "2019.12.19"]
[Round "6.6"]
[White "Rey Barassi, Roberto"]
[Black "Saez, Diego"]
[Result "1-0"]
[WhiteElo "1914"]
[BlackElo "1926"]
[PlyCount "53"]
[EventDate "2019.12.03"]
[EventType "swiss"]
[EventRounds "6"]
[EventCountry "ARG"]
[SourceTitle "EXT 2024"]
[Source "ChessBase"]
[SourceDate "2023.10.10"]
[SourceVersion "1"]
[SourceVersionDate "2023.10.10"]
[SourceQuality "1"]

1. e4 c5 2. Nf3 g6 3. d4 cxd4 4. Nxd4 Bg7 5. Nc3 Nc6 6. Be3 Nf6 7. Nxc6 bxc6 8. e5 Nd5 9. Nxd5 cxd5 10. Qxd5 Rb8 11. Bxa7 Rxb2 12. Bc4 e6 13. Qd2 Bxe5 14. Bd4 Bxd4 15. Qxd4 Qa5+ 16. Kd1 Qb4 17. Qxh8+ Ke7 18. Bb3 Qg4+ 19. Kc1 Rxb3 20. axb3 Bb7 21. Qxh7 Qf4+ 22. Kb2 Qe5+ 23. Ka2 Qa5+ 24. Kb1 Qe5 25. Qh4+ Ke8 26. Ra7 Bd5 27. Rd1 1-0

[Event "Moron Perez Cup U2200 sf"]
[Site "Moron"]
[Date "2019.07.29"]
[Round "1.2"]
[White "Conde, Adrian"]
[Black "Saez, Diego"]
[Result "1-0"]
[WhiteElo "2078"]
[BlackElo "1785"]
[PlyCount "107"]
[EventDate "2019.07.29"]
[EventType "swiss"]
[EventRounds "6"]
[EventCountry "ARG"]
[SourceTitle "EXT 2024"]
[Source "ChessBase"]
[SourceDate "2023.10.10"]
[SourceVersion "1"]
[SourceVersionDate "2023.10.10"]
[SourceQuality "1"]

1. Nf3 d5 2. d4 Nf6 3. c4 e6 4. g3 Be7 5. Bg2 0-0 6. 0-0 Ne4 7. b3 c6 8. Ba3 Nd7 9. Qc1 Re8 10. Bxe7 Qxe7 11. Qa3 h6 12. Qxe7 Rxe7 13. Nfd2 Nxd2 14. Nxd2 Nf6 15. e4 dxe4 16. Nxe4 Nxe4 17. Bxe4 Kf8 18. f4 Rb8 19. a4 Rd7 20. Rfd1 Rd8 21. Kf2 Bd7 22. Ke3 Be8 23. g4 g6 24. Rg1 Ke7 25. Rg3 f5 26. Bc2 Bf7 27. h4 Rg8 28. Rag1 Kf6 29. g5+ hxg5 30. fxg5+ Kg7 31. h5 Rge8 32. h6+ Kh7 33. Kf4 Rbd8 34. Ke5 Rd7 35. Rd3 Red8 36. Rgd1 Bg8 37. a5 b6 38. axb6 axb6 39. Ra1 Rb8 40. Ra6 Rbb7 41. Rd1 c5 42. dxc5 bxc5 43. Rc6 Rxd1 44. Bxd1 Rd7 45. Bf3 Rd3 46. Rc7+ Kh8 47. Bh5 gxh5 48. g6 f4 49. Kf6 e5 50. Rc8 Rd6+ 51. Kg5 Rd7 52. h7 Rg7 53. Kh6 e4 54. hxg8Q+ 1-0

[Event "Moron Philidor CC A 6th"]
[Site "Moron"]
[Date "2019.01.31"]
[Round "1.4"]
[White "Saez, Diego"]
[Black "Larsen, Alfonso Diego"]
[Result "0-1"]
[WhiteElo "1910"]
[BlackElo "2032"]
[PlyCount "50"]
[EventDate "2019.01.31"]
[EventType "swiss"]
[EventRounds "5"]
[EventCountry "ARG"]
[SourceTitle "EXT 2024"]
[Source "ChessBase"]
[SourceDate "2023.10.10"]
[SourceVersion "1"]
[SourceVersionDate "2023.10.10"]
[SourceQuality "1"]

1. c4 e6 2. d4 d5 3. Nf3 c6 4. e3 f5 5. Ne5 Nf6 6. Be2 Bd6 7. g4 fxg4 8. Bxg4 0-0 9. cxd5 exd5 10. Bxc8 Qxc8 11. f4 Nbd7 12. Rg1 Qd8 13. Nc3 Rc8 14. Qe2 b5 15. Qg2 Qe7 16. Nxc6 Rxc6 17. Bd2 Nb6 18. Nxb5 Ne4 19. Nc3 Rf7 20. 0-0-0 Nc4 21. Kb1 Ncxd2+ 22. Rxd2 Nxd2+ 23. Qxd2 Bb4 24. h4 Bxc3 25. bxc3 Qa3 0-1

[Event "Moron Mayor Cup Challengers 1819"]
[Site "Moron"]
[Date "2019.??.??"]
[Round "2.7"]
[White "Saez, Diego"]
[Black "Biancosino, Rafael"]
[Result "0-1"]
[WhiteElo "1910"]
[BlackElo "2090"]
[PlyCount "84"]
[EventDate "2019.04.01"]
[EventType "tourn"]
[EventRounds "7"]
[EventCountry "ARG"]
[SourceTitle "EXT 2024"]
[Source "ChessBase"]
[SourceDate "2023.10.10"]
[SourceVersion "1"]
[SourceVersionDate "2023.10.10"]
[SourceQuality "1"]

1. e4 e5 2. Nf3 Nc6 3. c3 d5 4. d3 dxe4 5. dxe4 Qxd1+ 6. Kxd1 Bg4 7. Be3 0-0-0+ 8. Kc2 f5 9. Ng5 Bd1+ 10. Kc1 Bh5 11. f3 Bd6 12. Bb5 f4 13. Bf2 Nge7 14. Ne6 Rdg8 15. Nd2 g5 16. Rd1 Bf7 17. Nc5 h6 18. Bc4 Rh7 19. Bxf7 Rxf7 20. Nc4 Rg6 21. Nxd6+ cxd6 22. Nb3 g4 23. Rg1 b6 24. Kc2 d5 25. Nd2 d4 26. cxd4 g3 27. hxg3 fxg3 28. Be1 Nxd4+ 29. Kb1 Ne2 30. Rh1 Nc6 31. a3 Ncd4 32. Ka2 Rc7 33. Nb3 Nc2 34. Rd1 Ne3 35. Rd2 Nf4 36. Rg1 h5 37. Kb1 h4 38. Nc1 Rgc6 39. Nd3 Nxd3 40. Rxd3 Rc1+ 41. Ka2 Nc2 42. Bf2 gxf2 0-1

[Event "Moron Philidor CC op 17th"]
[Site "Moron"]
[Date "2018.09.15"]
[Round "5"]
[White "Saez, Diego"]
[Black "Gonzalez, Luis Federico"]
[Result "0-1"]
[WhiteElo "1787"]
[BlackElo "1718"]
[PlyCount "94"]
[EventDate "2018.09.04"]
[EventType "swiss"]
[EventRounds "6"]
[EventCountry "ARG"]
[SourceTitle "CBM 186 Extra"]
[Source "ChessBase"]
[SourceDate "2018.08.24"]
[SourceVersion "1"]
[SourceVersionDate "2018.08.24"]
[SourceQuality "1"]

1. b3 g6 2. Bb2 Nf6 3. g4 Bg7 4. Bg2 d6 5. h3 e5 6. Nc3 c6 7. d4 exd4 8. Qxd4 d5 9. 0-0-0 0-0 10. Qf4 Qa5 11. Kb1 Re8 12. Na4 Nbd7 13. h4 b5 14. Nc5 Nxc5 15. Bxf6 Bxf6 16. Qxf6 Bxg4 17. Qd4 Ne4 18. Bxe4 Rxe4 19. Qd3 Bf5 20. Qg3 Qa3 21. Qc3 a5 22. Rd4 a4 23. Rxe4 Bxe4 24. f3 axb3 25. Qxb3 Qxb3+ 26. axb3 Bf5 27. Nh3 Bxh3 28. Rxh3 Re8 29. Rh2 Re3 30. Kc1 Re5 31. Kd2 Rh5 32. f4 Kg7 33. Kd3 c5 34. c3 Kf6 35. e4 Ke6 36. b4 dxe4+ 37. Kxe4 c4 38. Kf3 Rd5 39. Re2+ Kf6 40. Re3 h5 41. Ke4 Rd2 42. Kf3 Rd7 43. Re5 Rd3+ 44. Re3 Rxe3+ 45. Kxe3 Kf5 46. Kd4 Kxf4 47. Kc5 g5 0-1

[Event "Moron Philidor CC op 17th"]
[Site "Moron"]
[Date "2018.09.13"]
[Round "4"]
[White "Koch, Juan Enrique"]
[Black "Saez, Diego"]
[Result "1-0"]
[WhiteElo "1927"]
[BlackElo "1787"]
[PlyCount "62"]
[EventDate "2018.09.04"]
[EventType "swiss"]
[EventRounds "6"]
[EventCountry "ARG"]
[SourceTitle "CBM 186 Extra"]
[Source "ChessBase"]
[SourceDate "2018.08.24"]
[SourceVersion "1"]
[SourceVersionDate "2018.08.24"]
[SourceQuality "1"]

1. Nf3 d5 2. c4 e6 3. d4 c6 4. Nc3 Nf6 5. e3 Nbd7 6. Bd3 Bd6 7. g4 Nxg4 8. Rg1 Nxh2 9. Nxh2 Bxh2 10. Rxg7 Qh4 11. Qf3 f5 12. cxd5 Qh6 13. Qg2 cxd5 14. Bd2 a6 15. 0-0-0 Bd6 16. e4 Bf4 17. exd5 e5 18. Bxf5 Nf6 19. Bxc8 Rxc8 20. dxe5 Ne4 21. Qg4 Bxd2+ 22. Kc2 Rxc3+ 23. bxc3 Kf8 24. Rxb7 Qg6 25. Qc8+ Qe8 26. Qf5+ Kg8 27. Qxe4 Bg5 28. Rdb1 h6 29. f4 Bd8 30. Rg1+ Bg5 31. fxg5 h5 1-0

[Event "Moron Amateur-ch"]
[Site "Moron"]
[Date "2018.07.26"]
[Round "6"]
[White "Carrizo, Franco Nicolas"]
[Black "Saez, Diego"]
[Result "1-0"]
[WhiteElo "1822"]
[BlackElo "1776"]
[PlyCount "111"]
[EventDate "2018.07.17"]
[EventType "swiss"]
[EventRounds "7"]
[EventCountry "ARG"]
[SourceTitle "EXT 2019"]
[Source "ChessBase"]
[SourceDate "2018.10.10"]
[SourceVersion "1"]
[SourceVersionDate "2018.10.10"]
[SourceQuality "1"]

1. c4 e5 2. Nc3 Nf6 3. g3 Nc6 4. Bg2 a6 5. a3 Bc5 6. e3 0-0 7. Nge2 d6 8. 0-0 Bg4 9. h3 Bh5 10. b4 Ba7 11. b5 axb5 12. cxb5 Na5 13. g4 Bg6 14. d4 exd4 15. Nxd4 Re8 16. Nce2 h6 17. Bd2 Qc8 18. Nf4 Bh7 19. Rc1 Bc5 20. Rc3 Ne4 21. Bxe4 Bxe4 22. f3 Bh7 23. Bc1 Qd8 24. Kg2 b6 25. e4 Rc8 26. Re1 Qh4 27. Re2 Qf6 28. Rd3 Nc4 29. Nd5 Qh4 30. Nc6 Kh8 31. Bf4 h5 32. Bg3 Qg5 33. h4 Qh6 34. g5 Qe6 35. Nf4 Qd7 36. Nxh5 Nxa3 37. Rxa3 Bxa3 38. Qa1 f6 39. Qxa3 d5 40. Rd2 Ra8 41. Qb2 Qe6 42. Rxd5 Bxe4 43. Rd2 Bg6 44. Nf4 Qf7 45. Qd4 Bf5 46. Nd5 fxg5 47. Nxc7 gxh4 48. Qxh4+ Kg8 49. Nxa8 Rxa8 50. Ne7+ Kf8 51. Qh8+ Kxe7 52. Qxa8 Qe6 53. Qb7+ Ke8 54. Qb8+ Kf7 55. Qf4 g6 56. Qc7+ 1-0

[Event "Moron Amateur-ch"]
[Site "Moron"]
[Date "2018.07.17"]
[Round "1"]
[White "Saez, Diego"]
[Black "Ostoich, Mariano Ivan"]
[Result "0-1"]
[WhiteElo "1776"]
[BlackElo "2138"]
[PlyCount "94"]
[EventDate "2018.07.17"]
[EventType "swiss"]
[EventRounds "7"]
[EventCountry "ARG"]
[SourceTitle "EXT 2019"]
[Source "ChessBase"]
[SourceDate "2018.10.10"]
[SourceVersion "1"]
[SourceVersionDate "2018.10.10"]
[SourceQuality "1"]

1. d4 d5 2. Nf3 Nf6 3. e3 Bg4 4. Be2 e6 5. Ne5 Bxe2 6. Qxe2 c6 7. Nd2 Nbd7 8. f4 Bd6 9. 0-0 0-0 10. c4 Ne8 11. a3 f6 12. Nxd7 Qxd7 13. Nf3 Qe7 14. cxd5 exd5 15. Qd3 Bc7 16. Bd2 a5 17. Rac1 Nd6 18. Bc3 Rfe8 19. Rfe1 Qd7 20. h3 Re7 21. Re2 Rae8 22. Rce1 Ne4 23. Nd2 Ng3 24. Rf2 Qf5 25. Qxf5 Nxf5 26. Rf3 Nxe3 27. g4 Nc2 28. Rxe7 Rxe7 29. Nb3 a4 30. Nc5 Bb6 31. Rf2 Bxc5 32. Rxc2 Ba7 33. Kf2 Re4 34. Rd2 Rxf4+ 35. Kg2 Re4 36. Kf3 Kf7 37. Rd3 Ke6 38. Rd1 b6 39. Rd3 c5 40. dxc5 bxc5 41. h4 h5 42. g5 Rxh4 43. Be1 Rh3+ 44. Bg3 h4 45. Re3+ Kd7 46. gxf6 Rxg3+ 47. Kf2 c4 0-1

[Event "Moron Faogba op"]
[Site "Moron"]
[Date "2018.03.03"]
[Round "1"]
[White "Saez, Diego"]
[Black "Ostoich, Mariano Ivan"]
[Result "0-1"]
[WhiteElo "1781"]
[BlackElo "2142"]
[PlyCount "106"]
[EventDate "2018.03.03"]
[EventType "swiss"]
[EventRounds "7"]
[EventCountry "ARG"]
[SourceTitle "CBM 183 Extra"]
[Source "ChessBase"]
[SourceDate "2018.04.19"]
[SourceVersion "1"]
[SourceVersionDate "2018.04.19"]
[SourceQuality "1"]

1. e4 c5 2. Nf3 Nc6 3. d4 cxd4 4. Nxd4 g6 5. Be3 Bg7 6. c3 Nf6 7. f3 0-0 8. Bc4 d5 9. Nxc6 bxc6 10. exd5 cxd5 11. Be2 Qd6 12. 0-0 Nh5 13. Na3 Nf4 14. Bb5 a6 15. Ba4 Qe5 16. Re1 Qg5 17. Bxf4 Qxf4 18. Rxe7 Be6 19. Rb7 Be5 20. g3 Qe3+ 21. Kg2 Rab8 22. Rxb8 Rxb8 23. Bb3 Qh6 24. Qe1 Qh3+ 25. Kg1 Bd6 26. Nc2 a5 27. Nd4 Bc5 28. Qe2 Qh6 29. Re1 Qg7 30. Qd2 Qf6 31. Kg2 Bxd4 32. cxd4 Rb4 33. Re5 Qd8 34. Re2 Qb6 35. Qc3 Rxd4 36. Rd2 Rb4 37. Bxd5 Bxd5 38. Rxd5 Rxb2+ 39. Rd2 Rb1 40. Qc8+ Kg7 41. Qc3+ Kh6 42. Rd4 Qb2+ 43. Qd2+ Kg7 44. Kh3 Qb5 45. Rd5 Qf1+ 46. Kh4 Qxf3 47. Qd4+ Kh6 48. Qd2+ Kg7 49. Qd4+ f6 50. Rd7+ Kh6 51. Qd5 Rb4+ 52. Kh3 Qf1+ 53. Qg2 Qf5+ 0-1

[Event "Moron Philidor CC U2200 15th"]
[Site "Buenos Aires"]
[Date "2017.09.21"]
[Round "6"]
[White "Romero, Mario Velasco"]
[Black "Saez, Diego"]
[Result "0-1"]
[WhiteElo "1582"]
[BlackElo "1794"]
[PlyCount "100"]
[EventDate "2017.09.12"]
[EventType "swiss"]
[EventRounds "7"]
[EventCountry "ARG"]
[SourceTitle "CBM 180 Extra"]
[Source "ChessBase"]
[SourceDate "2017.10.06"]
[SourceVersion "1"]
[SourceVersionDate "2017.10.06"]
[SourceQuality "1"]

1. d4 e6 2. e4 d5 3. Be3 dxe4 4. Nd2 f5 5. f3 exf3 6. Ngxf3 Nf6 7. Bc4 Ng4 8. Qe2 Be7 9. 0-0-0 0-0 10. Bf4 Bd6 11. Bxd6 Qxd6 12. c3 Nc6 13. h3 Nf6 14. Ne5 Na5 15. Bd3 Re8 16. g4 Nd5 17. Rdf1 g6 18. Rhg1 Rf8 19. h4 f4 20. g5 Ne3 21. Rf2 c5 22. Ne4 Qe7 23. Nf6+ Kg7 24. Rxf4 cxd4 25. Rxd4 Nf5 26. Rf4 Qd6 27. Bxf5 exf5 28. Rd4 Qe6 29. Re1 Qxa2 30. Red1 Nb3+ 31. Kc2 Nxd4+ 32. Rxd4 Be6 33. Qb5 Rab8 34. Ra4 a6 35. Rxa2 axb5 36. Ra5 Rxf6 37. gxf6+ Kxf6 38. Nf3 Bc4 39. Nd4 b6 40. Ra7 h6 41. b4 Bf1 42. Rc7 f4 43. Rc6+ Kf7 44. Rc7+ Kg8 45. Ne6 f3 46. Rg7+ Kh8 47. Rxg6 Re8 48. Rf6 Be2 49. Kd2 Kh7 50. Rf7+ Kg6 0-1

[Event "Philidor CC op 14th"]
[Site "Moron"]
[Date "2017.07.20"]
[Round "2"]
[White "Saez, Diego"]
[Black "Conti, Claudio"]
[Result "0-1"]
[WhiteElo "1785"]
[BlackElo "1525"]
[PlyCount "82"]
[EventDate "2017.07.18"]
[EventType "swiss"]
[EventRounds "7"]
[EventCountry "ARG"]
[SourceTitle "EXT 2019"]
[Source "ChessBase"]
[SourceDate "2018.10.10"]
[SourceVersion "1"]
[SourceVersionDate "2018.10.10"]
[SourceQuality "1"]

1. d4 Nf6 2. c4 c5 3. e3 e6 4. Nf3 g6 5. Nc3 Bg7 6. d5 exd5 7. cxd5 d6 8. Bb5+ Nbd7 9. 0-0 0-0 10. e4 a6 11. Bd3 Ng4 12. Qc2 Nde5 13. Nxe5 Nxe5 14. Be2 f5 15. f4 Nf7 16. Bd3 Nh6 17. h3 Qh4 18. Be3 fxe4 19. Bxe4 Nf5 20. Bf2 Bd4 21. Rae1 Ng3 22. Qd3 Nxf1 23. Rxf1 Bxf2+ 24. Rxf2 Bf5 25. g4 Bxe4 26. Nxe4 Qe7 27. Ng5 Rae8 28. Ne6 Rf6 29. f5 gxf5 30. gxf5 Kh8 31. Qc3 Rg8+ 32. Kh2 h6 33. Kh1 Kh7 34. Qf3 Qe8 35. Re2 Qa4 36. Re1 Qc2 37. Rf1 Qxb2 38. a3 Qe5 39. Rb1 Rxf5 40. Rxb7+ Kh8 41. Qd3 Qe1+ 0-1

[Event "Moron Philidor CC 13th"]
[Site "Moron"]
[Date "2017.05.18"]
[Round "6.8"]
[White "Ucha, Luis"]
[Black "Saez, Diego"]
[Result "1-0"]
[WhiteElo "1939"]
[BlackElo "1793"]
[PlyCount "29"]
[EventDate "2017.05.09"]
[EventType "swiss"]
[EventRounds "7"]
[EventCountry "ARG"]
[SourceTitle "EXT 2024"]
[Source "ChessBase"]
[SourceDate "2023.10.10"]
[SourceVersion "1"]
[SourceVersionDate "2023.10.10"]
[SourceQuality "1"]

1. e4 d5 2. exd5 Qxd5 3. Nc3 Qe5+ 4. Be2 Bg4 5. h3 Bxe2 6. Ngxe2 Nd7 7. d3 e6 8. Bf4 Qa5 9. Nd4 e5 10. Nb3 Qb4 11. Bd2 Qh4 12. Qf3 c6 13. 0-0 Bd6 14. Rfe1 Ne7 15. Ne4 1-0

[Event "Moron Philidor CC 13th"]
[Site "Moron"]
[Date "2017.05.13"]
[Round "4.15"]
[White "Saez, Diego"]
[Black "Brenta, Claudio"]
[Result "1-0"]
[WhiteElo "1793"]
[BlackElo "1557"]
[PlyCount "61"]
[EventDate "2017.05.09"]
[EventType "swiss"]
[EventRounds "7"]
[EventCountry "ARG"]
[SourceTitle "EXT 2024"]
[Source "ChessBase"]
[SourceDate "2023.10.10"]
[SourceVersion "1"]
[SourceVersionDate "2023.10.10"]
[SourceQuality "1"]

1. d4 d5 2. c4 c6 3. e3 Nf6 4. Nc3 Bf5 5. Nf3 Nbd7 6. Be2 h6 7. a3 e6 8. b4 Ne4 9. Nxe4 Bxe4 10. Bb2 Bxf3 11. gxf3 Nf6 12. Bd3 Bd6 13. Qe2 Qc7 14. e4 Nh5 15. e5 Nf4 16. Qd2 Nxd3+ 17. Qxd3 Be7 18. f4 Rg8 19. 0-0-0 f5 20. Kb1 dxc4 21. Qxc4 Qd7 22. Rd3 b5 23. Qb3 Qd5 24. Qd1 a5 25. Qd2 axb4 26. axb4 Qa2+ 27. Kc2 Qa4+ 28. Rb3 Kf7 29. Ra1 Bxb4 30. Qd3 Ba3 31. Raxa3 1-0

[Event "Buenos Aires Perez Cup"]
[Site "Buenos Aires"]
[Date "2016.05.12"]
[Round "2"]
[White "Saez, Diego"]
[Black "Delgado, Raul Alejandro"]
[Result "1-0"]
[WhiteElo "1841"]
[BlackElo "1644"]
[PlyCount "65"]
[EventDate "2016.05.10"]
[EventType "swiss"]
[EventRounds "7"]
[EventCountry "ARG"]
[SourceTitle "CBM 172 Extra"]
[Source "ChessBase"]
[SourceDate "2016.06.21"]
[SourceVersion "1"]
[SourceVersionDate "2016.06.21"]
[SourceQuality "1"]

1. e4 c6 2. d4 d5 3. exd5 cxd5 4. Nf3 Bg4 5. Be2 e6 6. c3 Bd6 7. Nbd2 Nc6 8. h3 Bxf3 9. Nxf3 Nf6 10. Bb5 a6 11. Ba4 b5 12. Bc2 Rc8 13. Bg5 h6 14. Be3 Qc7 15. 0-0 Na5 16. Nd2 Nc4 17. Nxc4 dxc4 18. Re1 Bh2+ 19. Kh1 Bf4 20. d5 Nxd5 21. Bd4 Nf6 22. Qf3 Bd6 23. Bxf6 gxf6 24. Qxf6 Rg8 25. Rad1 Be7 26. Qxh6 Bg5 27. Qh5 Ke7 28. Rd5 Bf6 29. Rf5 Rh8 30. Qf3 Rh6 31. Qe3 Rg6 32. Rh5 Rg7 33. Be4 1-0

[Event "Buenos Aires U2200"]
[Site "Buenos Aires"]
[Date "2015.10.24"]
[Round "4.5"]
[White "Marquez, Marcos"]
[Black "Saez, Diego"]
[Result "1-0"]
[WhiteElo "1975"]
[BlackElo "1885"]
[PlyCount "99"]
[EventDate "2015.10.20"]
[EventType "swiss"]
[EventRounds "7"]
[EventCountry "ARG"]
[SourceTitle "EXT 2024"]
[Source "ChessBase"]
[SourceDate "2023.10.10"]
[SourceVersion "1"]
[SourceVersionDate "2023.10.10"]
[SourceQuality "1"]

1. d4 d5 2. c4 c6 3. Nf3 e6 4. g3 Nf6 5. Bg2 Bb4+ 6. Bd2 Qa5 7. 0-0 Bxd2 8. Nbxd2 0-0 9. Re1 Nbd7 10. Qc2 h6 11. e4 dxe4 12. Nxe4 Nxe4 13. Rxe4 Nf6 14. Re3 Rd8 15. Ra3 Qc7 16. Rd1 Qe7 17. Ne5 Bd7 18. Qb3 Be8 19. Qe3 Qc7 20. b4 a6 21. Rb3 Rab8 22. a4 c5 23. b5 axb5 24. axb5 b6 25. Nc6 Bxc6 26. Bxc6 Qe7 27. d5 Qd6 28. Rbd3 e5 29. f3 Rdc8 30. Re1 e4 31. fxe4 Ng4 32. Qf4 Ne5 33. Rc3 Rc7 34. Ra1 Rd8 35. Ra6 Rb8 36. Rca3 Nxc4 37. Ra8 Rcc8 38. Qxd6 Nxd6 39. Rxb8 Rxb8 40. Ra4 f6 41. Kf2 Kf8 42. Ke3 Nc8 43. Kf4 Ke7 44. h4 g6 45. e5 Kf7 46. d6 Ke6 47. d7 fxe5+ 48. Ke3 Ne7 49. Rg4 Nxc6 50. Rxg6+ 1-0

[Event "Buenos Aires U2200"]
[Site "Buenos Aires"]
[Date "2015.10.22"]
[Round "2.3"]
[White "Rodriguez, Gabriel Alberto"]
[Black "Saez, Diego"]
[Result "1-0"]
[WhiteElo "1999"]
[BlackElo "1885"]
[PlyCount "73"]
[EventDate "2015.10.20"]
[EventType "swiss"]
[EventRounds "7"]
[EventCountry "ARG"]
[SourceTitle "EXT 2024"]
[Source "ChessBase"]
[SourceDate "2023.10.10"]
[SourceVersion "1"]
[SourceVersionDate "2023.10.10"]
[SourceQuality "1"]

1. c4 g6 2. Nc3 Bg7 3. Nf3 c6 4. g3 d6 5. Bg2 Nf6 6. 0-0 0-0 7. d4 Nbd7 8. Qc2 b6 9. Rd1 Bb7 10. e4 Qc7 11. b4 Rac8 12. Bb2 e5 13. Rac1 exd4 14. Nxd4 Ne5 15. Qe2 Qe7 16. f4 Ned7 17. b5 Nb8 18. bxc6 Nxc6 19. Ndb5 Rfd8 20. Ba3 Ne8 21. e5 Qe6 22. exd6 Qxe2 23. Nxe2 a6 24. d7 Rb8 25. dxe8Q+ Rxe8 26. Nbd4 Nxd4 27. Nxd4 Bxg2 28. Kxg2 Re4 29. Nc6 Rbe8 30. Rd7 Re2+ 31. Kh3 Rxa2 32. Re1 Rxe1 33. Rd8+ Bf8 34. Bxf8 Rxh2+ 35. Kxh2 Re2+ 36. Kh3 f6 37. Bh6+ 1-0